| 000 | 00417nam a22001577a 4500 | ||
|---|---|---|---|
| 008 | 230606b xxu||||| |||| 00| 0 eng d | ||
| 020 | _a9966846719 | ||
| 082 | _a616.994ABI | ||
| 100 | _cN.A Othieno-Abinya | ||
| 245 |
_aProstate Cancer _bWhat do you know about cancer? |
||
| 260 |
_aNairobi _bUniversity of Nairobi Press _c2006 |
||
| 300 | _a21p | ||
| 600 | _cBessie Byakika | ||
| 700 | _cH.O Abwao | ||
| 942 |
_2ddc _cBK |
||
| 999 |
_c708 _d708 |
||